| 000 | 01926nam a22002657a 4500 | ||
|---|---|---|---|
| 999 |
_c21989 _d21989 |
||
| 003 | AR-CdUCM | ||
| 008 | 190425b ||||| |||| 00| 0 spa d | ||
| 040 |
_aMUNICIPALIDAD PROVINCIAL DEL CUSCO _cBIBLIOTECA MUNICIPAL DEL CUSCO |
||
| 082 | _aWillaq/N°1/1996 | ||
| 110 |
_aUniversidad Nacional de San Antonio Abad del Cusco _915942 |
||
| 245 |
_aWillaq : _bRevista de Comunicación y Cultura / |
||
| 260 |
_aCusco. _bUNSAAC, _c1996. |
||
| 300 |
_a277 páginas. : _c21 cm. |
||
| 440 |
_aWillaq Revista de Comunicación y Cultura _nN°[sn] .1996 _947078 |
||
| 500 | _aEdición conmemorativa 32 años. | ||
| 505 | _aContenido: La Ciencia de la Comunicación. Gladys G. Concha Flores. -- Potencialidades tecnológicas de los medios de comunicación nuevos usos sociales. Guísela Yabar Torres. -- Motivación y comportamiento Humano. Julio Abarca. -- Contactos interlingüísticas del castellano en el Perú. Urbano López Romero. -- Diccionario consolidado Quechua en circulación. Julio Apaza Gonzales. -- Pérez Ocampo o la poesía de un plural desvelo. Mario Pantoja Palomino. -- Los mitos Incas en los comentarios reales. Julio Galdo Bellota. -- José María Arguedas itinerario de un educador. Ángel Núñez Salas. -- Machupicchu expresión del poder de los Inkas en los mitos andinos. Efraín Cáceres. -- Apuntes para una historia de la imprenta en el Perú. Enrique Rozas Paravicino. -- El observatorio astronómico Inka de Sacsayhuaman. Julio Palomino Díaz. -- El vocablo Indio. Félix Rocabado Muriel. -- Perú Suyanman kuinpuspay volviendo a mi patria el Perú. Faustino Espinoza Navarro. -- Filosofía Andina. Armando Valenzuela Lovón... | ||
| 650 |
_aComunicación _947079 |
||
| 650 |
_aLingüística _91640 |
||
| 650 |
_aInkas _91899 |
||
| 700 |
_aConcha Flores, Gladys _946837 |
||
| 700 |
_aYabar Torres, Guísela _947080 |
||
| 700 |
_aLópez Romero, Urbano _947081 |
||
| 942 |
_2ddc _cPP |
||
| 945 | _arac | ||